000
00431nam a22001337a 4500
003
SGT
020
_a
8186326002264
082
_a
200
_b
D08K
100
_a
कोठरी, गुलाब
245
_a
धर्म : पुरुषार्थ चतुष्टय, धर्म अर्थ काम
260
_b
राजस्थान पत्रिका प्रकाशन
_c
2008
300
_a
76
942
_2
ddc
_c
BK
999
_c
31789
_d
31789